000 00924nam a2200313Ia 4500
001 Z_6392
003 CHAP
008 220113s9999 xx 000 0 und d
010 _a169648
020 _a978-607-402-492-0
040 _cCHAP
082 _a632.8 T67
100 _aTorre Almaraz, Rodolfo de La
_9113992
245 _aEnfermedades de origen viral en plantas cultivadas en México /
_cRodolfo De La Torre Almaraz
260 _aMéxico :
_bPlaza y Valdez :,
_bUNAM, FES-Iztacala,
_c
300 _a86 p.
503 _aej.1- ej.2: consumo
504 _aBiblliografía: p. 39 - 43, Incluye índice de figuras
650 _aEnfermedades virales
_x
_x plantas
_9144626
650 _aPatología vegetal
_9144627
650 _aVirus
_x
_x plantas
_9144628
650 _aVirus fitopatógenos
_9144629
901 _a632.8 T67
902 _aM
910 _a
942 _c1
942 _cc1
999 _c169648
_d169648